War, literature, and the arts.

Bibliographic Details
New Title:WLA (Online)
Format: Government Document Serial
Language:English
Published: [Colorado Springs, Colo.] : [Department of English, U.S. Air Force Academy]
Subjects:
Online Access:https://purl.fdlp.gov/GPO/gpo154458
Online Availability: Check for online availability

MARC

Tag First Indicator Second Indicator Subfields
LEADER 00000cas a2200000 i 4500
001 in00004432913
005 20211120111920.0
006 m o d f
007 cr |||||||||||
008 100720d19891996coufr o f0 a0eng c
010 |a  90649263   |z sn 89003874 
016 7 |a 011774324  |2 Uk 
019 |a 405937633  |a 680441145  |a 993929742  |a 995462886  |a 999439630  |a 999443949  |a 1000322108  |a 1002145539  |a 1004557140  |a 1052670717  |a 1057946153  |a 1098626238  |a 1120874827  |a 1126435265  |a 1135546836  |a 1142366692  |a 1144269553  |a 1152541113  |a 1154834095  |a 1162542106  |a 1164914885  |a 1166167875  |a 1171742850  |a 1175818276  |a 1179891951  |a 1190968352  |a 1197644992  |a 1203901148  |a 1204515576  |a 1221940592 
022 |l 1046-6967  |y 1046-6967 
035 |a (OCoLC)ocn649015107 
040 |a OCLCE  |b eng  |e rda  |e pn  |c OCLCE  |d OCLCQ  |d OCLCF  |d OCLCO  |d OCL  |d OCLCQ  |d ORU  |d LND  |d VT2  |d WT2  |d AUD  |d NTG  |d OCLCQ  |d AU@  |d OCLCQ  |d LIP  |d SFB  |d CNMTR  |d OCL  |d UKSSU  |d VLY  |d HS0  |d UWK  |d SXB  |d HQ1  |d LHT  |d UHL  |d OCLCQ  |d NLE  |d EUN  |d GPO  |d MvI  |d UtOrBLW 
042 |a dlr  |a pcc 
049 |a WWW 
074 |a 0425-A-12 (online) 
086 0 |a D 305.22/3: 
245 0 0 |a War, literature, and the arts. 
246 1 |a WLA 
264 1 |a [Colorado Springs, Colo.] :  |b [Department of English, U.S. Air Force Academy] 
300 |a 1 online resource (volumes) :  |b illustrations 
310 |a Semiannual 
336 |a text  |b txt  |2 rdacontent 
337 |a computer  |b c  |2 rdamedia 
338 |a online resource  |b cr  |2 rdacarrier 
362 1 |a Began with: Volume 1, number 1 (spring 1989); Volume 8, number 2 (fall/winter 1996). 
588 0 |a Volume 1, number 1 (spring 1989); title from web page (wjajournal.com, viewed Apr. 16, 2021). 
588 1 |a Volume 8, number 2 (fall/winter 1996) (wjajournal.com, viewed Apr. 16, 2021). 
650 0 |a War in literature  |v Periodicals. 
650 0 |a War in art  |v Periodicals. 
650 0 |a Vietnam War, 1961-1975  |x Literature and the war  |v Periodicals. 
650 7 |a War and literature.  |2 fast  |0 (OCoLC)fst01170442 
650 7 |a War in art.  |2 fast  |0 (OCoLC)fst01170504 
650 7 |a War in literature.  |2 fast  |0 (OCoLC)fst01170505 
647 7 |a Vietnam War  |d (1961-1975)  |2 fast  |0 (OCoLC)fst01431664 
648 7 |a 1961-1975  |2 fast 
655 7 |a Periodicals.  |2 fast  |0 (OCoLC)fst01411641 
710 2 |a United States Air Force Academy.  |b Department of English,  |e issuing body.  |0 http://id.loc.gov/authorities/names/n84064770 
776 0 8 |i Print version:  |t War, literature, and the arts  |x 1046-6967  |w (DLC) 90649263  |w (OCoLC)20306659 
776 0 8 |i Microfiche version:  |t War, literature, and the arts  |w (DLC)sn 95027784  |w (OCoLC)33345264 
785 0 0 |t WLA (Online)  |x 2169-7914  |w (DLC) 2003230932  |w (OCoLC)52062710 
856 4 0 |u https://purl.fdlp.gov/GPO/gpo154458  |t 0 
999 f f |s 7cb4d416-9038-3648-9866-5993140aa533  |i 5d68d52c-e3b1-32d0-aafd-7bd3da9bdc2c  |t 0 
952 f f |a Texas A&M University  |b College Station  |c Electronic Resources  |d Available Online  |t 0  |e D 305.22/3:  |h Superintendent of Documents classification 
998 f f |a D 305.22/3:  |t 0  |l Available Online